[Event "World Youth & Cadets Blitz Championships"]
[Site "Rhodes, Greece"]
[Date "2022.05.03"]
[Round "1.26"]
[White "Hanache, Kai"]
[Black "Rutkowski, Feliks"]
[Result "1-0"]
[TimeControl "5'/game & 2\"/move"]
[WhiteElo "1644"]
[BlackElo "1242"]

1. e4 {[%clk 00:05:03]} c5 {[%clk 00:05:04]} 2. Nf3 {[%clk 00:05:04]} {[%emt
00:00:01]} e6 {[%clk 00:05:05]} 3. c3 {[%clk 00:05:01]} {[%emt 00:00:05]} Nf6
{[%clk 00:05:05]} {[%emt 00:00:02]} 4. Bd3 {[%clk 00:05:00]} {[%emt 00:00:03]}
Nc6 {[%clk 00:04:54]} {[%emt 00:00:13]} 5. O-O {[%clk 00:04:59]} {[%emt
00:00:03]} Be7 {[%clk 00:04:54]} {[%emt 00:00:02]} 6. Bc2 {[%clk 00:05:00]}
{[%emt 00:00:01]} O-O {[%clk 00:04:51]} {[%emt 00:00:05]} 7. Re1 {[%clk
00:05:00]} {[%emt 00:00:02]} a6 {[%clk 00:04:46]} {[%emt 00:00:08]} 8. d4
{[%clk 00:05:01]} cxd4 {[%clk 00:04:41]} {[%emt 00:00:07]} 9. cxd4 {[%clk
00:05:01]} d6 {[%clk 00:04:38]} {[%emt 00:00:06]} 10. Bf4 {[%clk 00:05:00]}
{[%emt 00:00:03]} Bd7 {[%clk 00:04:30]} {[%emt 00:00:11]} 11. Nc3 {[%clk
00:05:01]} {[%emt 00:00:01]} Rc8 {[%clk 00:04:30]} {[%emt 00:00:02]} 12. Qd2
{[%clk 00:05:01]} {[%emt 00:00:01]} b5 {[%clk 00:04:18]} {[%emt 00:00:14]} 13.
a3 {[%clk 00:05:02]} {[%emt 00:00:02]} Na5 {[%clk 00:04:11]} {[%emt 00:00:09]}
14. Qe2 {[%clk 00:04:38]} {[%emt 00:00:26]} Nc4 {[%clk 00:03:40]} {[%emt
00:00:34]} 15. Bd3 {[%clk 00:04:34]} {[%emt 00:00:04]} Bc6 {[%clk 00:02:58]}
{[%emt 00:00:45]} 16. d5 {[%clk 00:04:26]} {[%emt 00:00:09]} Bb7 {[%clk
00:02:14]} {[%emt 00:00:46]} 17. dxe6 {[%clk 00:04:18]} {[%emt 00:00:11]} fxe6
{[%clk 00:02:15]} {[%emt 00:00:01]} 18. Nd4 {[%clk 00:04:15]} {[%emt 00:00:05]}
Qd7 {[%clk 00:01:56]} {[%emt 00:00:21]} 19. Bg3 {[%clk 00:04:06]} {[%emt
00:00:10]} Kh8 {[%clk 00:01:37]} {[%emt 00:00:21]} 20. Rad1 {[%clk 00:04:00]}
{[%emt 00:00:08]} Rc7 {[%clk 00:00:56]} {[%emt 00:00:44]} 21. h3 {[%clk
00:03:53]} {[%emt 00:00:09]} Rfc8 {[%clk 00:00:55]} {[%emt 00:00:03]} 22. e5
{[%clk 00:03:49]} {[%emt 00:00:06]} dxe5 {[%clk 00:00:51]} {[%emt 00:00:06]} 23.
Bxc4 {[%clk 00:03:37]} {[%emt 00:00:13]} exd4 {[%clk 00:00:44]} {[%emt
00:00:10]} 24. Bxe6 {[%clk 00:03:35]} {[%emt 00:00:04]} Qd8 {[%clk 00:00:41]}
{[%emt 00:00:05]} 25. Bxc8 {[%clk 00:03:33]} {[%emt 00:00:04]} Rxc8 {[%clk
00:00:38]} {[%emt 00:00:05]} 26. Qxe7 {[%clk 00:03:31]} {[%emt 00:00:05]} Qxe7
{[%clk 00:00:17]} {[%emt 00:00:23]} 27. Rxe7 {[%clk 00:03:27]} {[%emt
00:00:06]} dxc3 {[%clk 00:00:17]} {[%emt 00:00:02]} 28. Rxb7 {[%clk 00:03:23]}
{[%emt 00:00:05]} cxb2 {[%clk 00:00:13]} {[%emt 00:00:07]} 29. Rc7 {[%clk
00:03:22]} {[%emt 00:00:03]} Re8 {[%clk 00:00:07]} {[%emt 00:00:07]} 30. Rc2
{[%clk 00:03:20]} {[%emt 00:00:04]} Ne4 {[%clk 00:00:07]} {[%emt 00:00:03]} 31.
Rxb2 {[%clk 00:03:20]} {[%emt 00:00:02]} Nc5 {[%clk 00:00:06]} {[%emt
00:00:03]} 32. Re2 {[%clk 00:03:19]} {[%emt 00:00:02]} Rc8 {[%clk 00:00:04]}
{[%emt 00:00:04]} 33. Rc1 {[%clk 00:03:20]} {[%emt 00:00:02]} a5 {[%clk
00:00:04]} {[%emt 00:00:02]} 34. Rxc5 {[%clk 00:03:20]} {[%emt 00:00:02]} 1-0

[Event "World Youth & Cadets Blitz Championships"]
[Site "Rhodes, Greece"]
[Date "2022.05.03"]
[Round "1.27"]
[White "Kukushkin, Ivan"]
[Black "Vedrickas, Vytis"]
[Result "1-0"]
[TimeControl "5'/game & 2\"/move"]
[WhiteElo "1662"]
[BlackElo "1024"]

1. e4 {[%clk 00:05:04]} {[%emt 00:01:43]} e5 {[%clk 00:05:02]} {[%emt
00:00:02]} 2. Nf3 {[%clk 00:05:05]} {[%emt 00:00:01]} Nc6 {[%clk 00:05:03]}
{[%emt 00:00:02]} 3. Bc4 {[%clk 00:05:05]} {[%emt 00:00:01]} Be7 {[%clk
00:05:04]} {[%emt 00:00:01]} 4. Nc3 {[%clk 00:05:03]} {[%emt 00:00:05]} Nf6
{[%clk 00:05:04]} {[%emt 00:00:01]} 5. d3 {[%clk 00:05:03]} {[%emt 00:00:03]}
O-O {[%clk 00:05:03]} {[%emt 00:00:02]} 6. O-O {[%clk 00:05:04]} {[%emt
00:00:01]} d6 {[%clk 00:05:02]} {[%emt 00:00:02]} 7. Be3 {[%clk 00:05:01]}
{[%emt 00:00:04]} Bg4 {[%clk 00:05:02]} {[%emt 00:00:03]} 8. h3 {[%clk
00:04:59]} {[%emt 00:00:04]} Bh5 {[%clk 00:05:03]} {[%emt 00:00:01]} 9. a3
{[%clk 00:04:49]} {[%emt 00:00:13]} Nd4 {[%clk 00:05:02]} {[%emt 00:00:02]} 10.
Bxd4 {[%clk 00:04:49]} {[%emt 00:00:02]} exd4 {[%clk 00:05:02]} {[%emt
00:00:03]} 11. Nb5 {[%clk 00:04:42]} {[%emt 00:00:08]} c5 {[%clk 00:04:59]}
{[%emt 00:00:05]} 12. a4 {[%clk 00:04:38]} {[%emt 00:00:07]} a6 {[%clk
00:04:58]} {[%emt 00:00:02]} 13. Na3 {[%clk 00:04:38]} {[%emt 00:00:02]} Qb6
{[%clk 00:04:52]} {[%emt 00:00:08]} 14. b3 {[%clk 00:04:36]} {[%emt 00:00:04]}
Rad8 {[%clk 00:04:37]} {[%emt 00:00:17]} 15. Rb1 {[%clk 00:04:10]} {[%emt
00:00:26]} d5 {[%clk 00:04:28]} {[%emt 00:00:14]} 16. exd5 {[%clk 00:04:09]}
{[%emt 00:00:02]} Nxd5 {[%clk 00:04:27]} {[%emt 00:00:03]} 17. Bxd5 {[%clk
00:04:04]} {[%emt 00:00:02]} Rxd5 {[%emt 00:00:10]} 18. Nc4 Qg6 {[%clk
00:04:05]} {[%emt 00:00:21]} 19. Nce5 {[%clk 00:03:52]} {[%emt 00:00:15]} Rxe5
{[%clk 00:03:46]} {[%emt 00:00:22]} 20. Nxe5 {[%clk 00:03:52]} {[%emt
00:00:02]} Bxd1 {[%clk 00:03:42]} {[%emt 00:00:06]} 21. Nxg6 {[%clk 00:03:52]}
{[%emt 00:00:01]} Bxc2 {[%clk 00:03:38]} {[%emt 00:00:06]} 22. Nxe7+ {[%clk
00:03:53]} {[%emt 00:00:03]} Kh8 {[%clk 00:03:34]} {[%emt 00:00:05]} 23. Rbc1
{[%clk 00:03:53]} {[%emt 00:00:02]} Bxd3 {[%emt 00:00:08]} 24. Rfd1 {[%clk
00:03:52]} Be4 {[%clk 00:03:04]} {[%emt 00:00:27]} 25. Rxc5 {[%clk 00:03:49]}
{[%emt 00:00:07]} Re8 {[%clk 00:02:52]} {[%emt 00:00:13]} 26. Re5 {[%clk
00:03:44]} {[%emt 00:00:07]} Bc6 {[%clk 00:02:38]} {[%emt 00:00:16]} 27. Nxc6
{[%clk 00:03:44]} {[%emt 00:00:02]} Rxe5 {[%clk 00:02:37]} {[%emt 00:00:02]} 28.
Nxe5 {[%clk 00:03:45]} {[%emt 00:00:02]} Kg8 {[%clk 00:02:34]} {[%emt
00:00:05]} 29. Rxd4 {[%clk 00:03:46]} {[%emt 00:00:01]} f6 {[%clk 00:02:35]}
{[%emt 00:00:01]} 30. Rd8# {[%clk 00:03:46]} {[%emt 00:00:02]} 1-0

[Event "World Youth & Cadets Blitz Championships"]
[Site "Rhodes, Greece"]
[Date "2022.05.03"]
[Round "1.31"]
[White "Mirowska, Oliwia"]
[Black "Hryzlova, Sofiia"]
[Result "0-1"]
[TimeControl "5'/game & 2\"/move"]
[WhiteElo "1619"]
[BlackElo "2021"]

1. d4 {[%clk 00:05:03]} {[%emt 00:00:01]} Nf6 {[%clk 00:05:02]} {[%emt
00:00:02]} 2. Bf4 {[%clk 00:05:03]} {[%emt 00:00:02]} e6 {[%clk 00:05:00]}
{[%emt 00:00:04]} 3. c3 {[%clk 00:05:01]} {[%emt 00:00:04]} d5 {[%clk
00:04:59]} {[%emt 00:00:03]} 4. Nf3 {[%clk 00:05:01]} {[%emt 00:00:02]} b6
{[%clk 00:04:57]} {[%emt 00:00:04]} 5. e3 {[%clk 00:05:01]} {[%emt 00:00:01]}
Bd6 {[%clk 00:04:57]} {[%emt 00:00:03]} 6. Bg3 {[%clk 00:05:02]} {[%emt
00:00:01]} O-O {[%clk 00:04:52]} {[%emt 00:00:07]} 7. Bd3 {[%clk 00:05:02]}
{[%emt 00:00:02]} Bb7 {[%clk 00:04:50]} {[%emt 00:00:04]} 8. Nbd2 {[%clk
00:05:02]} {[%emt 00:00:02]} Qe7 {[%clk 00:04:46]} {[%emt 00:00:06]} 9. O-O
{[%clk 00:04:56]} {[%emt 00:00:08]} Nbd7 {[%clk 00:04:41]} {[%emt 00:00:07]} 10.
Ne5 {[%clk 00:04:52]} {[%emt 00:00:05]} c5 {[%clk 00:04:37]} {[%emt 00:00:06]}
11. f4 {[%clk 00:04:33]} {[%emt 00:00:20]} a5 {[%clk 00:04:18]} {[%emt
00:00:23]} 12. Qe2 {[%clk 00:04:30]} {[%emt 00:00:06]} c4 {[%clk 00:04:12]}
{[%emt 00:00:08]} 13. Bc2 {[%clk 00:04:28]} {[%emt 00:00:03]} b5 {[%clk
00:04:08]} {[%emt 00:00:06]} 14. Bh4 {[%clk 00:04:07]} {[%emt 00:00:23]} Qe8
{[%clk 00:03:53]} {[%emt 00:00:18]} 15. Rf3 {[%clk 00:03:44]} {[%emt 00:00:24]}
Ne4 {[%clk 00:03:35]} {[%emt 00:00:20]} 16. Rh3 {[%clk 00:03:14]} {[%emt
00:00:31]} f5 {[%clk 00:03:10]} {[%emt 00:00:28]} 17. Nxe4 {[%clk 00:03:09]}
{[%emt 00:00:07]} dxe4 {[%clk 00:02:57]} {[%emt 00:00:16]} 18. Bg5 {[%clk
00:02:37]} {[%emt 00:00:33]} Nb6 {[%clk 00:02:37]} {[%emt 00:00:23]} 19. Bd1
{[%clk 00:02:11]} {[%emt 00:00:27]} Bd5 {[%clk 00:01:33]} {[%emt 00:01:05]} 20.
Qf2 {[%clk 00:02:03]} {[%emt 00:00:11]} Bxe5 {[%clk 00:01:15]} {[%emt
00:00:21]} 21. dxe5 {[%clk 00:01:43]} {[%emt 00:00:22]} Ra7 {[%clk 00:01:10]}
{[%emt 00:00:06]} 22. Bh5 {[%clk 00:01:36]} {[%emt 00:00:08]} g6 {[%clk
00:01:08]} {[%emt 00:00:05]} 23. Be2 {[%clk 00:01:34]} {[%emt 00:00:03]} Rff7
{[%clk 00:01:05]} {[%emt 00:00:05]} 24. Rd1 {[%clk 00:01:26]} {[%emt 00:00:11]}
b4 {[%clk 00:00:56]} {[%emt 00:00:11]} 25. Qg3 {[%clk 00:01:11]} {[%emt
00:00:16]} Na4 {[%clk 00:00:43]} {[%emt 00:00:16]} 26. Bf6 {[%clk 00:00:57]}
{[%emt 00:00:15]} Nxb2 {[%clk 00:00:40]} {[%emt 00:00:06]} 27. Qxg6+ {[%clk
00:00:49]} {[%emt 00:00:10]} Kf8 {[%clk 00:00:34]} {[%emt 00:00:08]} 28. Qh6+
{[%clk 00:00:45]} {[%emt 00:00:04]} Rg7 {[%clk 00:00:32]} {[%emt 00:00:06]} 29.
Bxg7+ {[%clk 00:00:25]} {[%emt 00:00:22]} Rxg7 {[%clk 00:00:31]} {[%emt
00:00:03]} 30. Rc1 {[%clk 00:00:26]} {[%emt 00:00:01]} Nd3 {[%clk 00:00:28]}
{[%emt 00:00:05]} 31. Rb1 {[%clk 00:00:19]} {[%emt 00:00:09]} b3 {[%clk
00:00:22]} {[%emt 00:00:08]} 32. Qf6+ {[%clk 00:00:16]} {[%emt 00:00:05]} Kg8
{[%clk 00:00:23]} {[%emt 00:00:02]} 33. axb3 {[%clk 00:00:14]} {[%emt
00:00:04]} cxb3 {[%clk 00:00:23]} {[%emt 00:00:02]} 34. Bh5 {[%clk 00:00:13]}
{[%emt 00:00:02]} Qd7 {[%clk 00:00:19]} {[%emt 00:00:06]} 35. Be2 {[%clk
00:00:10]} {[%emt 00:00:05]} a4 {[%clk 00:00:16]} {[%emt 00:00:05]} 36. Qh4
{[%clk 00:00:07]} {[%emt 00:00:05]} a3 {[%clk 00:00:16]} {[%emt 00:00:02]} 37.
Qe1 {[%clk 00:00:05]} {[%emt 00:00:04]} Nxe1 {[%clk 00:00:16]} {[%emt
00:00:02]} 0-1

[Event "World Youth & Cadets Blitz Championships"]
[Site "Rhodes, Greece"]
[Date "2022.05.03"]
[Round "1.32"]
[White "Nurgali, Nazerke"]
[Black "Siekanska, Zuzanna"]
[Result "1-0"]
[TimeControl "5'/game & 2\"/move"]
[WhiteElo "2016"]
[BlackElo "1576"]

1. d4 {[%clk 00:05:03]} Nf6 {[%clk 00:05:00]} {[%emt 00:00:04]} 2. Nf3 {[%clk
00:05:04]} {[%emt 00:00:01]} g6 {[%clk 00:05:00]} {[%emt 00:00:02]} 3. c4
{[%clk 00:05:05]} {[%emt 00:00:01]} Bg7 {[%clk 00:05:00]} {[%emt 00:00:02]} 4.
g3 {[%clk 00:05:06]} {[%emt 00:00:01]} O-O {[%clk 00:04:59]} {[%emt 00:00:03]}
5. Bg2 {[%clk 00:05:07]} {[%emt 00:00:01]} d6 {[%clk 00:05:00]} {[%emt
00:00:02]} 6. O-O {[%clk 00:05:06]} {[%emt 00:00:02]} c6 {[%clk 00:04:58]}
{[%emt 00:00:04]} 7. Nc3 {[%clk 00:05:06]} {[%emt 00:00:02]} Bf5 {[%clk
00:04:56]} {[%emt 00:00:03]} 8. Nh4 {[%clk 00:04:56]} {[%emt 00:00:13]} Be6
{[%clk 00:04:55]} {[%emt 00:00:03]} 9. b3 {[%clk 00:04:43]} {[%emt 00:00:16]}
Na6 {[%clk 00:04:50]} {[%emt 00:00:06]} 10. Bb2 {[%clk 00:04:43]} {[%emt
00:00:03]} Rc8 {[%clk 00:04:33]} {[%emt 00:00:18]} 11. e4 {[%clk 00:04:42]}
{[%emt 00:00:03]} Qc7 {[%clk 00:04:15]} {[%emt 00:00:20]} 12. Rc1 {[%clk
00:04:39]} {[%emt 00:00:05]} Rfd8 {[%clk 00:03:59]} {[%emt 00:00:17]} 13. Qd2
{[%clk 00:04:35]} {[%emt 00:00:07]} Qd7 {[%clk 00:03:23]} {[%emt 00:00:38]} 14.
Rfe1 {[%clk 00:04:25]} {[%emt 00:00:12]} Bh3 {[%clk 00:03:22]} {[%emt
00:00:04]} 15. Bh1 {[%clk 00:04:20]} {[%emt 00:00:07]} Ng4 {[%clk 00:02:57]}
{[%emt 00:00:26]} 16. Nf3 {[%clk 00:04:06]} {[%emt 00:00:16]} Bh6 {[%clk
00:02:52]} {[%emt 00:00:07]} 17. Qd3 {[%clk 00:03:43]} {[%emt 00:00:26]} Nb4
{[%clk 00:02:43]} {[%emt 00:00:10]} 18. Qb1 {[%clk 00:03:42]} {[%emt 00:00:03]}
Bxc1 {[%clk 00:02:29]} {[%emt 00:00:16]} 19. Rxc1 {[%clk 00:03:40]} {[%emt
00:00:04]} Nf6 {[%clk 00:02:17]} {[%emt 00:00:14]} 20. a3 {[%clk 00:03:35]}
{[%emt 00:00:07]} Na6 {[%clk 00:02:18]} {[%emt 00:00:02]} 21. Ng5 {[%clk
00:03:28]} {[%emt 00:00:08]} e5 {[%clk 00:02:03]} {[%emt 00:00:17]} 22. Ne2
{[%clk 00:02:46]} {[%emt 00:00:44]} Qg4 {[%clk 00:01:45]} {[%emt 00:00:20]} 23.
Nxh3 {[%clk 00:02:44]} {[%emt 00:00:04]} Qxe2 {[%clk 00:01:42]} {[%emt
00:00:05]} 24. dxe5 {[%clk 00:02:26]} {[%emt 00:00:20]} dxe5 {[%clk 00:01:38]}
{[%emt 00:00:06]} 25. Bxe5 {[%clk 00:02:25]} {[%emt 00:00:03]} Ng4 {[%clk
00:01:36]} {[%emt 00:00:04]} 26. Ba1 {[%clk 00:02:21]} {[%emt 00:00:07]} Nc5
{[%clk 00:00:55]} {[%emt 00:00:42]} 27. Re1 {[%clk 00:02:06]} {[%emt 00:00:17]}
Qd2 {[%clk 00:00:56]} 28. Bf3 {[%clk 00:01:44]} {[%emt 00:00:24]} h5 {[%clk
00:00:39]} {[%emt 00:00:19]} 29. b4 {[%clk 00:01:35]} {[%emt 00:00:12]} Nb3
{[%clk 00:00:33]} {[%emt 00:00:07]} 30. Rd1 {[%clk 00:01:32]} {[%emt 00:00:05]}
Qxd1+ {[%clk 00:00:18]} {[%emt 00:00:17]} 31. Bxd1 {[%clk 00:01:32]} {[%emt
00:00:02]} Nxa1 {[%clk 00:00:15]} {[%emt 00:00:05]} 32. Qxa1 {[%clk 00:01:29]}
{[%emt 00:00:05]} Rd2 {[%clk 00:00:14]} {[%emt 00:00:02]} 33. Bxg4 {[%clk
00:01:21]} {[%emt 00:00:11]} hxg4 {[%clk 00:00:15]} {[%emt 00:00:01]} 34. Nf4
{[%clk 00:01:17]} {[%emt 00:00:06]} Rcd8 {[%clk 00:00:16]} {[%emt 00:00:02]} 35.
Qf6 {[%clk 00:01:10]} {[%emt 00:00:08]} Rd1+ {[%clk 00:00:11]} {[%emt
00:00:07]} 36. Kg2 {[%clk 00:01:11]} R8d6 {[%clk 00:00:08]} {[%emt 00:00:05]}
37. Qg5 {[%clk 00:01:10]} {[%emt 00:00:03]} Ra1 {[%clk 00:00:07]} {[%emt
00:00:04]} 38. Qxg4 {[%clk 00:01:09]} {[%emt 00:00:02]} Rxa3 {[%clk 00:00:04]}
{[%emt 00:00:05]} 39. e5 {[%clk 00:01:07]} {[%emt 00:00:04]} Rd2 {[%clk
00:00:04]} {[%emt 00:00:02]} 40. e6 {[%clk 00:01:06]} {[%emt 00:00:03]} Raa2
{[%clk 00:00:04]} {[%emt 00:00:02]} 41. exf7+ {[%clk 00:01:07]} {[%emt
00:00:01]} Kxf7 {[%clk 00:00:04]} {[%emt 00:00:03]} 42. Qxg6+ {[%clk 00:01:07]}
{[%emt 00:00:01]} Kf8 {[%clk 00:00:00]} {[%emt 00:00:02]} 1-0

[Event "World Youth & Cadets Blitz Championships"]
[Site "Rhodes, Greece"]
[Date "2022.05.03"]
[Round "1.33"]
[White "Kryvenko, Daryna"]
[Black "Mihelic, Vesna"]
[Result "1/2-1/2"]
[TimeControl "5'/game & 2\"/move"]
[WhiteElo "1344"]
[BlackElo "1879"]

1. e4 {[%clk 00:05:01]} {[%emt 00:00:03]} e5 {[%clk 00:05:03]} {[%emt
00:00:01]} 2. Nf3 {[%clk 00:05:02]} {[%emt 00:00:01]} Nc6 {[%clk 00:05:04]} 3.
Bb5 {[%clk 00:05:03]} {[%emt 00:00:03]} g6 {[%emt 00:00:02]} 4. Bxc6 {[%clk
00:05:03]} {[%emt 00:00:01]} dxc6 {[%clk 00:05:05]} {[%emt 00:00:01]} 5. d3
{[%clk 00:05:03]} {[%emt 00:00:01]} Bg7 {[%clk 00:05:01]} {[%emt 00:00:07]} 6.
Nc3 {[%clk 00:05:01]} {[%emt 00:00:04]} Be6 {[%clk 00:04:57]} {[%emt 00:00:06]}
7. Be3 {[%clk 00:04:58]} {[%emt 00:00:06]} Ne7 {[%clk 00:04:56]} {[%emt
00:00:03]} 8. Qd2 {[%clk 00:04:58]} {[%emt 00:00:02]} O-O {[%clk 00:04:52]}
{[%emt 00:00:06]} 9. Bh6 {[%clk 00:04:53]} {[%emt 00:00:06]} Qd6 {[%clk
00:04:46]} {[%emt 00:00:08]} 10. Bxg7 {[%clk 00:04:52]} {[%emt 00:00:03]} Kxg7
{[%clk 00:04:26]} {[%emt 00:00:26]} 11. O-O-O c5 {[%clk 00:03:52]} {[%emt
00:01:06]} 12. h3 Qa6 {[%clk 00:03:40]} {[%emt 00:01:00]} 13. Kb1 b5 {[%clk
00:03:36]} {[%emt 00:00:52]} 14. Ng5 {[%clk 00:02:36]} 1/2-1/2

[Event "World Youth & Cadets Blitz Championships"]
[Site "Rhodes, Greece"]
[Date "2022.05.03"]
[Round "1.34"]
[White "Omonova, Umida"]
[Black "Berezovsky, Fiorina"]
[Result "1-0"]
[TimeControl "5'/game & 2\"/move"]
[WhiteElo "1817"]
[BlackElo "1301"]

1. e4 {[%clk 00:05:03]} c5 {[%clk 00:05:03]} {[%emt 00:00:02]} 2. Nf3 {[%clk
00:05:04]} {[%emt 00:00:01]} e6 {[%clk 00:05:04]} {[%emt 00:00:01]} 3. d4
{[%clk 00:05:05]} {[%emt 00:00:01]} cxd4 {[%clk 00:05:05]} {[%emt 00:00:01]} 4.
Nxd4 {[%clk 00:05:05]} {[%emt 00:00:01]} a6 {[%clk 00:05:06]} {[%emt 00:00:01]}
5. Bd3 {[%clk 00:05:05]} {[%emt 00:00:02]} Qc7 {[%clk 00:05:04]} {[%emt
00:00:03]} 6. O-O {[%clk 00:04:57]} {[%emt 00:00:10]} Nf6 {[%clk 00:05:01]}
{[%emt 00:00:05]} 7. c4 {[%clk 00:04:54]} {[%emt 00:00:05]} Nc6 {[%clk
00:04:56]} {[%emt 00:00:07]} 8. Nxc6 {[%clk 00:04:40]} {[%emt 00:00:16]} dxc6
{[%clk 00:04:27]} {[%emt 00:00:32]} 9. Qe2 {[%clk 00:04:40]} {[%emt 00:00:01]}
Bd6 {[%clk 00:04:19]} {[%emt 00:00:09]} 10. f4 {[%clk 00:04:30]} {[%emt
00:00:13]} e5 {[%clk 00:04:13]} {[%emt 00:00:08]} 11. Nc3 {[%clk 00:04:21]}
{[%emt 00:00:11]} O-O {[%clk 00:03:48]} {[%emt 00:00:27]} 12. f5 {[%clk
00:04:22]} b5 {[%clk 00:03:40]} {[%emt 00:00:11]} 13. Bg5 {[%clk 00:04:09]}
{[%emt 00:00:14]} Be7 {[%clk 00:03:38]} {[%emt 00:00:04]} 14. Kh1 {[%clk
00:03:57]} {[%emt 00:00:14]} Rd8 {[%clk 00:03:20]} {[%emt 00:00:20]} 15. Rac1
{[%clk 00:03:33]} {[%emt 00:00:25]} b4 {[%clk 00:03:20]} {[%emt 00:00:03]} 16.
Nd1 {[%clk 00:03:31]} {[%emt 00:00:04]} a5 {[%clk 00:03:20]} {[%emt 00:00:02]}
17. c5 {[%clk 00:03:09]} {[%emt 00:00:24]} h6 {[%clk 00:02:53]} {[%emt
00:00:29]} 18. Bxf6 {[%clk 00:02:58]} {[%emt 00:00:13]} Bxf6 {[%clk 00:02:51]}
{[%emt 00:00:03]} 19. Ne3 {[%clk 00:02:59]} {[%emt 00:00:01]} Rd4 {[%clk
00:02:47]} {[%emt 00:00:07]} 20. Rcd1 {[%clk 00:02:48]} {[%emt 00:00:13]} Qd7
{[%clk 00:02:39]} {[%emt 00:00:09]} 21. Nc2 {[%clk 00:02:46]} {[%emt 00:00:05]}
Rxd3 {[%clk 00:01:38]} {[%emt 00:01:03]} 22. Rxd3 {[%clk 00:02:21]} {[%emt
00:00:27]} Qc7 {[%clk 00:01:36]} {[%emt 00:00:04]} 23. Qd1 {[%clk 00:02:19]}
{[%emt 00:00:03]} Qa7 {[%clk 00:01:11]} {[%emt 00:00:27]} 24. Rf2 {[%clk
00:02:05]} {[%emt 00:00:17]} Qxc5 {[%clk 00:01:09]} {[%emt 00:00:05]} 25. Ne3
{[%clk 00:02:04]} {[%emt 00:00:02]} Ba6 {[%clk 00:00:58]} {[%emt 00:00:13]} 26.
Rc2 {[%clk 00:02:05]} {[%emt 00:00:02]} Qb6 {[%clk 00:00:54]} {[%emt 00:00:05]}
27. Nc4 {[%clk 00:02:05]} {[%emt 00:00:02]} Qc7 {[%clk 00:00:54]} {[%emt
00:00:02]} 28. Rd7 {[%clk 00:01:59]} {[%emt 00:00:07]} Qb8 {[%clk 00:00:40]}
{[%emt 00:00:16]} 29. h3 {[%clk 00:01:54]} {[%emt 00:00:08]} Bxc4 {[%clk
00:00:40]} {[%emt 00:00:03]} 30. Rxc4 {[%clk 00:01:54]} {[%emt 00:00:01]} Qb5
{[%clk 00:00:36]} {[%emt 00:00:06]} 31. Qc2 {[%clk 00:01:51]} {[%emt 00:00:05]}
Rc8 {[%clk 00:00:33]} {[%emt 00:00:04]} 32. Rd6 {[%clk 00:01:51]} {[%emt
00:00:02]} c5 {[%clk 00:00:27]} {[%emt 00:00:10]} 33. Rd5 {[%clk 00:01:51]} a4
{[%clk 00:00:15]} {[%emt 00:00:13]} 34. Kh2 {[%clk 00:01:35]} {[%emt 00:00:18]}
b3 {[%clk 00:00:09]} {[%emt 00:00:09]} 35. axb3 {[%clk 00:01:35]} {[%emt
00:00:02]} axb3 {[%clk 00:00:09]} {[%emt 00:00:02]} 36. Qd3 {[%clk 00:01:34]}
{[%emt 00:00:02]} Qb6 {[%clk 00:00:06]} {[%emt 00:00:06]} 37. Rc3 {[%clk
00:01:24]} {[%emt 00:00:12]} Ra8 {[%clk 00:00:06]} {[%emt 00:00:02]} 38. Rxb3
{[%clk 00:01:21]} {[%emt 00:00:05]} Qc7 {[%clk 00:00:06]} {[%emt 00:00:01]} 39.
Ra3 {[%clk 00:01:22]} {[%emt 00:00:02]} Rb8 {[%clk 00:00:07]} {[%emt 00:00:02]}
40. Rd7 {[%clk 00:01:16]} {[%emt 00:00:08]} Qc6 {[%clk 00:00:07]} {[%emt
00:00:01]} 41. Ra6 {[%clk 00:00:55]} {[%emt 00:00:22]} Rb6 {[%clk 00:00:06]}
{[%emt 00:00:04]} 42. Rd8+ {[%clk 00:00:31]} {[%emt 00:00:27]} Kh7 {[%clk
00:00:04]} {[%emt 00:00:04]} 43. Raa8 {[%clk 00:00:32]} {[%emt 00:00:01]} Rxb2
{[%clk 00:00:04]} {[%emt 00:00:01]} 44. Rh8# {[%clk 00:00:32]} {[%emt
00:00:02]} 1-0